000 00237nam a2200097Ia 4500
005 20251222140053.0
008 251222s1900||||xx |||||||||||||| ||spa||
082 _a216.5/P28/10
245 0 _aJesucristo y la esperanza del hombre
942 _cLIB
999 _c3656
_d3656